| 000 | 00935nam a2200217Ia 4500 | ||
|---|---|---|---|
| 001 | 2038 | ||
| 005 | 20260422110843.0 | ||
| 008 | 260306t2023||||xx |||||||||||||| ||spa|| | ||
| 041 | _aESP | ||
| 082 |
_a611.0181 _bL562 2023 |
||
| 100 |
_aLodish, Harvey, _eAUT |
||
| 245 | 0 | _aBiología celular y molecular | |
| 260 | _c2023 | ||
| 300 |
_avarias paginaciones : _c27 cm. |
||
| 650 | _aGEN | ||
| 654 | _aCCS | ||
| 856 |
_uhttps://0u216xhg7-y-https-accessmedicina-mhmedical-com.itmsp.museknowledge.com/book.aspx?bookid=3467 _zVéase además: Biología celular y molecular, por Ricardo Paniagua. Versión digital |
||
| 856 |
_uhttps://0u216xhg7-y-https-accessmedicina-mhmedical-com.itmsp.museknowledge.com/ _zVéase además: Base de datos McGraw Hill Access Medicina |
||
| 856 |
_uhttps://0u23fxhge-y-https-www-clinicalkey-com.itmsp.museknowledge.com/student/login _zVéase además: Base de datos ClinicalKey |
||
| 942 |
_cLIB _dJUS _fJUS _2ddc |
||
| 999 |
_c2038 _d2038 |
||